| 000 | 00577nam a2200205 u 4500 | ||
|---|---|---|---|
| 001 | 000439210 | ||
| 003 | AM-YeHGA | ||
| 005 | 20250618072450.0 | ||
| 008 | 050601s2000 fr |||||||||||000|0|fre|d | ||
| 040 | _aAM-YeHGA | ||
| 041 | 0 | _afre | |
| 100 | 1 | _aJuin, Hubert | |
| 245 | 1 | 0 |
_aPuzant Topalian / _cTextes de Hubert Juin, Henri Sper, Roger Ville. |
| 260 |
_aParis : _bRythmes, _cs.a. |
||
| 300 |
_a32 p. _bill. |
||
| 600 | 1 | 4 |
_aԹոփալյան, Բյուզանդ Հովհաննեսի, _d1902-1970 _91091 |
| 700 | 1 | _aSper, Henri | |
| 700 | 1 | _aVille, Roger | |
| 090 | _c164286 | ||
| 999 |
_c162872 _d162872 |
||